书目信息 |
| 题名: |
精通电脑上网技巧600招
|
|
| 作者: | 宋建龙 , 阮秉梁 , 徐滔 编著 | |
| 分册: | ||
| 出版信息: | 北京 人民邮电出版社 2005.06 |
|
| 页数: | 260页 | |
| 开本: | 26cm | |
| 丛书名: | 软硬兼电脑丛书 | |
| 单 册: | ||
| 中图分类: | TP393.4 | |
| 科图分类: | ||
| 主题词: | 因特网--基本知识 | |
| 电子资源: | ||
| ISBN: | 7-115-13177-5 | |
| 000 | 00999nam2 2200265 450 | |
| 001 | 010235218517 | |
| 005 | 20050820170538.09 | |
| 010 | @a7-115-13177-5@dCNY25.00 | |
| 100 | @a20050704d2005 km y0chiy0120 ea | |
| 101 | 0 | @achi |
| 102 | @aCN@b110000 | |
| 105 | @aa z 000yy | |
| 200 | 1 | @a精通电脑上网技巧600招@Ajing tong dian nao shang wang ji qiao 600 zhao@f宋建龙, 阮秉梁, 徐滔编著@Fsong jian long,ruan bing liang,xu tao bian zhu |
| 210 | @a北京@c人民邮电出版社@d2005.06 | |
| 215 | @a260页@c图@d26cm | |
| 225 | 2 | @a软硬兼电脑丛书 |
| 330 | @a本书共分7章,以技巧为主,分别介绍了连接上网、网络浏览、邮件收发、上传下载、网上聊天、网络安全与管理、网上娱乐等方面的实用技巧600多招,每一招技巧解决一个具体问题。 | |
| 410 | 0 | @12001 @a软硬兼电脑丛书 |
| 606 | 0 | @a因特网@x基本知识 |
| 690 | @aTP393.4@v4 | |
| 701 | 0 | @a宋建龙@Asong jian long@4编著 |
| 701 | 0 | @a阮秉梁@Aruan bing liang@4编著 |
| 701 | 0 | @a徐滔@Axu tao@4编著 |
| 801 | 0 | @aCN@bQSSK@c20050820 |
| 905 | @a10447@dTP393.4@eS766 | |
| 精通电脑上网技巧600招/宋建龙, 阮秉梁, 徐滔编著.-北京:人民邮电出版社,2005.06 |
| 260页:图;26cm.-(软硬兼电脑丛书) |
| ISBN 7-115-13177-5:CNY25.00 |
| 本书共分7章,以技巧为主,分别介绍了连接上网、网络浏览、邮件收发、上传下载、网上聊天、网络安全与管理、网上娱乐等方面的实用技巧600多招,每一招技巧解决一个具体问题。 |
| ● |
| 相关链接 |
|
|
|
正题名:精通电脑上网技巧600招
索取号:TP393.4/S766
 
预约/预借
| 序号 | 登录号 | 条形码 | 馆藏地/架位号 | 状态 | 备注 |
| 1 | 562254 | 205622548 | 自科库301/301自科库 134排2列1层/ [索取号:TP393.4/S766] | 在馆 | |
| 2 | 562255 | 205622557 | 自科二线504/504自科库 4排2列4层/ [索取号:TP393.4/S766] | 在馆 | |
| 3 | 562256 | 205622566 | 期刊室512/301自科库 134排2列1层/ [索取号:TP393.4/S766] | 在馆 |